| 000 | 00803nam a2200229 a 4500 | ||
|---|---|---|---|
| 001 | 000026185 | ||
| 005 | 20200930024356.0 | ||
| 008 | 110303s1987 ag r 000 0 spa d | ||
| 020 | _a9509097713 | ||
| 040 |
_aDO-SdBNP _bspa _cBNPHU |
||
| 041 | 1 | 7 |
_aspa _heng |
| 082 |
_axxx _bC678e |
||
| 100 | 1 |
_aCohen, Michael, _d1944- _953194 |
|
| 240 | 1 | 0 |
_aThe Pathless way. _lEspañol. |
| 245 | 1 | 0 |
_aEntre osos, coyotes y glaciares : _bJohn Muir, el hombre de los parques nacionales americanos / _cMichael P. Cohen ; traducción Antonio Bonnano. |
| 260 |
_aBuenos Aires, Argentina : _bFraterna, _c1987. |
||
| 300 |
_a525, p. ; _c21 cm. |
||
| 490 | 1 | _aLibros del Tapir | |
| 504 | _aIncluye referencias bibliográficas (p. 513-515) | ||
| 700 | 1 |
_aBonnano, Antonio _etr. _945101 |
|
| 830 | 0 |
_aLibros del Tapir _953195 |
|
| 999 |
_c25677 _d25677 |
||